Logo BPK

Biblioteka

Politechniki Koszalińskiej

Sztuka wojny. (Rekord nr 55981)

Szczegóły MARC
000 -ETYKIETA REKORDU
podpole kontrolne o stałej długości 01118nam a2200325 i 4500
001 - NUMER KONTROLNY REKORDU
pole kontrolne bg
020 ## - MIĘDZYNARODOWY ZNORMALIZOWANY NUMER KSIĄŻKI - ISBN
ISBN 8373618368
040 ## - ŹRÓDŁO KATALOGOWANIA
Instytucja, która utworzyła rekord BPK
041 0# - KOD JĘZYKA
Kod języka tekstu pol
Kod języka oryginału eng
044 ## - KOD KRAJU WYDAWCY/PRODUCENTA
Kod kraju wydawcy/producenta POL
080 ## - UNIWERSALNA KLASYFIKACJA DZIESIĘTNA - UKD
UKD 005:355.4(315)"-05"
920 ## - Międzynarodowy znormalizowany numer książki – ISBN
ISBN 83-7361-836-8
008 - POLE O STAŁEJ DŁUGOŚCI - DANE KONTROLNE
podpole kontrolne o stałej długości s pl f |000 0 pol
100 1# - NAZWA OSOBOWA
Nazwa osobowa Sunzi
Daty związane z nazwą (?-6. a.C).
245 10 - TYTUŁ/ODPOWIEDZIALNOŚĆ
Tytuł Sztuka wojny.
Ciąg dalszy tytułu Sztuka zarządzania /
Pozostałe elementy strefy tytułu i oznaczenia odpowiedzialności Sun Tzu & Garry Gagliardi ; [tł. Tomasz Misiorek].
246 10 - WARIANT TYTUŁU
Treść wyrażenia wprowadzającego Podst. przekł.:
Tytuł Sun Tzu's The art of war plus The art of management
260 ## - STREFA ADRESU WYDAWNICZEGO
Miejsce wydania Gliwice :
Nazwa wydawcy/dystrybutora Wydawnictwo Helion,
Data publikacji, dystrybucji/powstania dokumentu 2005.
300 ## - STREFA OPISU FIZYCZNEGO
Objętość 189, [2] s. :
Inne cechy fizyczne il. ;
Rozmiary 22 cm.
490 1# - STREFA SERII I DOKUMENTU WIELOCZĘŚCIOWEGO - FORMA NIE DO WYSZUKIWANIA
Tytuł i oznaczenie odpowiedzialności serii Onepress VIP
500 ## - UWAGI OGÓLNE
Tekst uwagi U dołu s. tyt. i okł.: Zastosuj starożytne chińskie strategie w procesie zarządzania.
600 09 - HASŁO PRZEDMIOTOWE W FORMIE NAZWY OSOBOWEJ
Nazwa osobowa Sunzi.
Tytuł dzieła Sunzi Bing fa
650 #9 - HASŁO PRZEDMIOTOWE W FORMIE NAZWY OGÓLNEJ LUB JEDNOSTKOWEJ
Nazwa ogólna lub geograficzna Strategia
Określnik geograficzny Chiny
Określnik chronologiczny 6 w. p.n.e.
650 #9 - HASŁO PRZEDMIOTOWE W FORMIE NAZWY OGÓLNEJ LUB JEDNOSTKOWEJ
Nazwa ogólna lub geograficzna Zarządzanie
655 ## - TERMIN INDEKSOWY - OKREŚLENIE RODZAJU/FORMY DOKUMENTU
Określenie rodzaju/formy dokumentu Wydawnictwa popularne
700 1# - HASŁO DODATKOWE - NAZWA OSOBOWA
Nazwa osobowa Misiorek, Tomasz.
Daty związane z nazwą Tł.
700 12 - HASŁO DODATKOWE - NAZWA OSOBOWA
Nazwa osobowa Gagliardi, Gary.
Tytuł dzieła Art of management
Język dzieła (pol.)
830 ## - HASŁO DODATKOWE SERII LUB DOKUMENTU WIELOCZĘŚCIOWEGO - TYTUŁ UJEDNOLICONY
Tytuł ujednolicony Onepress VIP
942 ## - DODATKOWE ELEMENTY (KOHA)
Typ dokumentu Książka
Egzemplarze
Wycofany Status egzemplarza Uszkodzony Dostępność Lokalizacja stała Lokalizacja bieżąca Miejsce przechowywania Sygnatura Kod kreskowy Dział Typ dokumentu Ostatnio wypożyczono
      Tylko na miejscu Biblioteka Politechniki Koszalińskiej Biblioteka Politechniki Koszalińskiej Czytelnia Wydziałowa ul. Kwiatkowskiego 6e 90054 02461908 005 Zarządzanie Książka  
      Dostępny Biblioteka Politechniki Koszalińskiej Biblioteka Politechniki Koszalińskiej Wypożyczalnia BG 90055 02461892   Książka 10.11.2021
© 2023 Biblioteka Politechniki Koszalińskiej :: KOHA